[Event "Titled Tuesday intern op 23rd Apr Late"]
[Site "Chess.com INT"]
[Date "2024.04.23"]
[Round "3"]
[White "Souza, Gustavo Horokoski"]
[Black "Kavyev, Ruslan"]
[Result "1-0"]
[WhiteElo "1939"]
[BlackElo "2286"]
[PlyCount "61"]
[EventDate "2024.04.23"]
[EventType "swiss (blitz)"]
[EventRounds "11"]
[EventCountry "USA"]
[SourceTitle "CB18_2024"]
[SourceDate "2024.05.01"]
[SourceVersion "1"]
[SourceVersionDate "2024.05.01"]
[SourceQuality "2"]

1. c4 e6 2. e4 d5 3. cxd5 exd5 4. e5 d4 5. Nf3 c5 6. Bc4 Nc6 7. 0-0 Nge7 8. Qe2 Ng6 9. e6 fxe6 10. Bxe6 Be7 11. d3 Bxe6 12. Qxe6 Qd6 13. Qc4 a6 14. a4 Nce5 15. Nxe5 Nxe5 16. Qb3 Rb8 17. Nd2 Nf7 18. Ne4 Qg6 19. Bf4 0-0 20. Bxb8 Rxb8 21. Rfe1 Kh8 22. Qd5 b6 23. Ng3 Bf6 24. Ne4 Ne5 25. Nxf6 gxf6 26. Rxe5 Rg8 27. Re7 Qxd3 28. Rae1 Qg6 29. g3 h5 30. Qf7 Qf5 31. Re8 1-0

[Event "Titled Tuesday intern op 02nd Apr Late"]
[Site "Chess.com INT"]
[Date "2024.04.02"]
[Round "8"]
[White "Kavyev, Ruslan"]
[Black "Mirzoev, Azer"]
[Result "0-1"]
[WhiteElo "2286"]
[BlackElo "2447"]
[PlyCount "120"]
[EventDate "2024.04.02"]
[EventType "swiss (blitz)"]
[EventRounds "11"]
[EventCountry "USA"]
[SourceTitle "CB15_2024"]
[SourceDate "2024.04.10"]
[SourceVersion "1"]
[SourceVersionDate "2024.04.10"]
[SourceQuality "1"]

1. d4 c6 2. Nf3 d5 3. c4 Nf6 4. Nc3 e6 5. Qd3 Nbd7 6. g3 b6 7. Bg2 Ba6 8. b3 Be7 9. 0-0 0-0 10. e4 Rc8 11. Re1 h6 12. Nd2 Re8 13. e5 Nh7 14. Qc2 Nhf8 15. Bb2 Qc7 16. h4 Qb8 17. Qd1 Red8 18. Qg4 dxc4 19. Nxc4 c5 20. dxc5 Bxc4 21. Qxc4 Nxc5 22. Qe2 Nd3 23. Red1 Nxb2 24. Rxd8 Bxd8 25. Qxb2 Qxe5 26. Na4 Qxb2 27. Nxb2 Bf6 28. Rb1 Rc2 29. Nc4 Rxa2 30. Nd6 Bd4 31. Rf1 a5 32. Bc6 Ng6 33. Kg2 Ne5 34. Ba4 h5 35. Nb5 Bc5 36. Nc3 Rb2 37. Ne4 Ng4 38. Nxc5 bxc5 39. Kf3 Nh2+ 40. Kg2 Nxf1 41. Kxf1 Kf8 42. Kg2 Ke7 43. Kf3 g6 44. Ke3 f5 45. f3 Kf6 46. Kd3 Rg2 47. Kc4 Rxg3 48. Kxc5 Rxf3 49. Kb5 e5 50. Kxa5 e4 51. b4 e3 52. b5 e2 53. b6 e1Q+ 54. Ka6 Qe2+ 55. Bb5 Ra3+ 56. Kb7 Qxb5 57. Kc7 Rc3+ 58. Kb7 Qc6+ 59. Ka7 Ra3+ 60. Kb8 Ra8# 0-1

[Event "Titled Tuesday intern op 19th Dec Early"]
[Site "Chess.com INT"]
[Date "2023.12.19"]
[Round "9"]
[White "Melikhov, Evgeny V"]
[Black "Kavyev, Ruslan"]
[Result "0-1"]
[WhiteElo "2192"]
[BlackElo "2297"]
[PlyCount "114"]
[EventDate "2023.12.19"]
[EventType "swiss (blitz)"]
[EventRounds "11"]
[EventCountry "USA"]
[SourceTitle "CB52_2023"]
[SourceDate "2023.12.27"]
[SourceVersion "1"]
[SourceVersionDate "2023.12.27"]
[SourceQuality "1"]

1. d4 Nf6 2. c4 g6 3. Nc3 Bg7 4. e4 d6 5. f3 0-0 6. Be3 a6 7. Qd2 Nbd7 8. Bh6 e5 9. d5 Nxe4 10. Nxe4 Qh4+ 11. g3 Qxh6 12. Qxh6 Bxh6 13. h4 Be3 14. Ne2 h6 15. g4 f5 16. gxf5 gxf5 17. N4g3 Nf6 18. Nc3 Bd4 19. Bd3 Bxc3+ 20. bxc3 f4 21. Ne4 Nxe4 22. Bxe4 Bf5 23. Rg1+ Kh7 24. Bxf5+ Rxf5 25. Ke2 Rff8 26. Kd3 Rg8 27. Ke4 b6 28. Kf5 Rxg1 29. Rxg1 Rg8 30. Rf1 Rg2 31. Ke6 Rg7 32. h5 a5 33. Rb1 Kg8 34. c5 dxc5 35. Kxe5 Rg5+ 36. Ke6 Rxh5 37. c4 Rg5 38. Kd7 Rg7+ 39. Ke8 h5 40. Rh1 Rh7 41. Rh4 Kg7 42. Rxf4 h4 43. Rg4+ Kf6 44. Rg1 h3 45. Rh1 h2 46. Kd8 Ke5 47. Kc8 Kd4 48. f4 Kxc4 49. f5 Kxd5 50. f6 Ke6 51. f7 Kxf7 52. Kxc7 Rh6 53. Kd7 c4 54. a4 c3 55. Kc7 c2 56. Kd7 c1Q 57. Rxc1 h1Q 0-1

[Event "Titled Tuesday intern op 19th Dec Early"]
[Site "Chess.com INT"]
[Date "2023.12.19"]
[Round "3"]
[White "Sychev, Klementy"]
[Black "Kavyev, Ruslan"]
[Result "1/2-1/2"]
[WhiteElo "2542"]
[BlackElo "2297"]
[PlyCount "49"]
[EventDate "2023.12.19"]
[EventType "swiss (blitz)"]
[EventRounds "11"]
[EventCountry "USA"]
[SourceTitle "CB52_2023"]
[SourceDate "2023.12.27"]
[SourceVersion "1"]
[SourceVersionDate "2023.12.27"]
[SourceQuality "1"]

1. e4 d5 2. exd5 Nf6 3. Nf3 Bg4 4. Be2 Nxd5 5. d4 e6 6. h3 Bh5 7. 0-0 Be7 8. c4 Nf6 9. Nc3 c6 10. Qb3 Qb6 11. Be3 Nbd7 12. Rfd1 0-0 13. Ne5 Bxe2 14. Nxe2 Rfd8 15. Nc3 Qxb3 16. axb3 Nxe5 17. dxe5 Nd7 18. f4 Bc5 19. Kf2 Kf8 20. Ne4 Bxe3+ 21. Kxe3 Ke7 22. Nd6 b6 23. Rd2 Nc5 24. Ra3 a5 25. Rd4 1/2-1/2

[Event "Titled Tuesday intern op 20th Jun Late"]
[Site "Chess.com INT"]
[Date "2023.06.20"]
[Round "5"]
[White "Kavyev, Ruslan"]
[Black "Durarbayli, Vasif"]
[Result "1-0"]
[WhiteElo "2297"]
[BlackElo "2627"]
[PlyCount "107"]
[EventDate "2023.06.20"]
[EventType "swiss (blitz)"]
[EventRounds "11"]
[EventCountry "USA"]
[SourceTitle "EXT 2024"]
[Source "ChessBase"]
[SourceDate "2023.10.10"]
[SourceVersion "1"]
[SourceVersionDate "2023.10.10"]
[SourceQuality "1"]

1. d4 d5 2. c4 e6 3. g3 Nf6 4. Bg2 Bb4+ 5. Bd2 Be7 6. Nf3 0-0 7. 0-0 Nbd7 8. Qc2 c6 9. Bf4 b6 10. Ne5 Nxe5 11. dxe5 Nd7 12. Rd1 g5 13. Bc1 Nxe5 14. cxd5 cxd5 15. e4 Bb7 16. exd5 exd5 17. Nc3 Rc8 18. Be3 Ng4 19. Bd4 Rc4 20. Qf5 Nh6 21. Qe5 Rxd4 22. Qxd4 Bc5 23. Qa4 Qf6 24. Rd2 Bc6 25. Qd1 d4 26. Ne4 Bxe4 27. Bxe4 g4 28. Rc1 Qg5 29. b4 Bxb4 30. Rxd4 Bc5 31. Rd5 f5 32. Bg2 Qf6 33. Rd7 Kh8 34. Rc2 Nf7 35. Rcd2 f4 36. Be4 Ng5 37. Qc2 fxg3 38. hxg3 Qe5 39. Bg2 Qe1+ 40. Kh2 Qe5 41. Rd8 Qf6 42. Rxf8+ Bxf8 43. Qc8 Kg7 44. Qxg4 Qh6+ 45. Kg1 Kh8 46. Rd8 Qf6 47. Re8 h6 48. Qc8 Kg7 49. Qd7+ Kh8 50. f4 Nh7 51. Be4 Qa1+ 52. Kg2 Qxa2+ 53. Kh3 Nf6 54. Rxf8+ 1-0

[Event "Cheliabinsk Lozovatsky Memorial-A"]
[Site "Cheliabinsk"]
[Date "2023.01.28"]
[Round "2"]
[White "Kavyev, Ruslan"]
[Black "Asylov, Miras"]
[Result "1/2-1/2"]
[WhiteElo "2337"]
[BlackElo "2163"]
[PlyCount "96"]
[EventDate "2023.01.27"]
[EventType "swiss"]
[EventRounds "10"]
[EventCountry "RUS"]
[SourceTitle "CBM 212 Extra"]
[Source "ChessBase"]
[SourceDate "2023.03.31"]
[SourceVersion "1"]
[SourceVersionDate "2023.03.31"]
[SourceQuality "1"]

1. d4 Nf6 2. c4 e6 3. g3 d5 4. Bg2 Nbd7 5. Nf3 dxc4 6. 0-0 c6 7. Qc2 b5 8. b3 cxb3 9. axb3 Bb7 10. Ne5 Nxe5 11. dxe5 Nd5 12. Nc3 Be7 13. Ne4 0-0 14. Bb2 Qb6 15. Rfc1 c5 16. Nxc5 Nb4 17. Qc3 Bxg2 18. Kxg2 Rac8 19. Qxb4 Bxc5 20. Qc3 Qb8 21. Qf3 Rfd8 22. Qe4 Rd5 23. Rc2 Rcd8 24. Rac1 Bb6 25. Rc6 a5 26. R1c2 h6 27. h4 Bd4 28. Bxd4 Rxd4 29. Qe3 a4 30. bxa4 bxa4 31. Kh2 Qb3 32. R6c3 Qd5 33. Rc5 Qe4 34. Qxe4 Rxe4 35. Ra5 Rd5 36. Ra7 Rdxe5 37. Rc8+ Kh7 38. Rxf7 Rf5 39. Rxf5 exf5 40. e3 Kg6 41. Ra8 h5 42. Kg2 Rb4 43. Kf3 Kf7 44. Ra6 g6 45. Rc6 Rb7 46. Ra6 Rb4 47. Ke2 Rb2+ 48. Kf3 Rb4 1/2-1/2

[Event "RUS-chT Rapid"]
[Site "Sochi"]
[Date "2022.10.18"]
[Round "1.9"]
[White "Tomashevsky, Evgeny"]
[Black "Kavyev, Ruslan"]
[Result "1/2-1/2"]
[WhiteElo "2696"]
[BlackElo "2329"]
[PlyCount "76"]
[EventDate "2022.10.18"]
[EventType "team-swiss (rapid)"]
[EventRounds "9"]
[EventCountry "RUS"]
[SourceTitle "CBM 210 Extra"]
[Source "ChessBase"]
[SourceDate "2022.11.30"]
[SourceVersion "1"]
[SourceVersionDate "2022.11.30"]
[SourceQuality "1"]
[WhiteTeam "Krasnoyarsk Enisey"]
[BlackTeam "Muromtsev Academy"]
[WhiteTeamCountry "RUS"]
[BlackTeamCountry "RUS"]

1. d4 Nf6 2. Nf3 g6 3. g3 Bg7 4. Bg2 d5 5. 0-0 0-0 6. Nbd2 c6 7. c4 Bf5 8. b3 Qc8 9. Bb2 Bh3 10. Rc1 Bxg2 11. Kxg2 e6 12. b4 Qe8 13. Qb3 Nbd7 14. b5 cxb5 15. cxd5 Nxd5 16. e4 Ne7 17. Ba3 a6 18. d5 exd5 19. exd5 Qd8 20. Ne4 Nb6 21. d6 Nc6 22. d7 b4 23. Bxb4 Nxb4 24. Qxb4 Nxd7 25. Rfd1 Qb6 26. Qxb6 Nxb6 27. Rb1 Nc4 28. Rxb7 Rae8 29. Re1 Rxe4 30. Rxe4 Nd6 31. Ree7 Nxb7 32. Rxb7 a5 33. Ra7 Bc3 34. Ng5 h6 35. Ne4 Bb4 36. Nf6+ Kg7 37. Nd7 Re8 38. Kf3 Re7 1/2-1/2

[Event "RUS-ch Blitz"]
[Site "Sochi"]
[Date "2022.10.14"]
[Round "4"]
[White "Dzhumagaliev, Yan"]
[Black "Kavyev, Ruslan"]
[Result "0-1"]
[WhiteElo "2411"]
[BlackElo "2329"]
[PlyCount "54"]
[EventDate "2022.10.14"]
[EventType "swiss (blitz)"]
[EventRounds "13"]
[EventCountry "RUS"]
[SourceTitle "CBM 210 Extra"]
[Source "ChessBase"]
[SourceDate "2022.11.30"]
[SourceVersion "1"]
[SourceVersionDate "2022.11.30"]
[SourceQuality "1"]

1. Nf3 Nf6 2. h4 d5 3. h5 h6 4. d4 Bg4 5. Ne5 Bf5 6. c4 c6 7. Nc3 e6 8. Qb3 Qb6 9. c5 Qc7 10. Bf4 Qc8 11. f3 Nbd7 12. g4 Bh7 13. e3 Be7 14. Be2 Bd8 15. e4 dxe4 16. Nc4 0-0 17. Nd6 Qc7 18. fxe4 e5 19. Bh2 exd4 20. Nxf7 Nxc5 21. Qc4 Qxf7 22. Qxc5 dxc3 23. Bc4 Nxe4 24. Bxf7+ Rxf7 25. Qb4 Bh4+ 26. Ke2 Re8 27. Raf1 Nf2+ 0-1

[Event "Cheliabinsk Panchenko Memorial op-A"]
[Site "Cheliabinsk"]
[Date "2022.09.13"]
[Round "2"]
[White "Kavyev, Ruslan"]
[Black "Shomoev, Anton"]
[Result "1-0"]
[WhiteElo "2280"]
[BlackElo "2567"]
[PlyCount "115"]
[EventDate "2022.09.12"]
[EventType "swiss"]
[EventRounds "10"]
[EventCountry "RUS"]
[SourceTitle "CBM 210 Extra"]
[Source "ChessBase"]
[SourceDate "2022.11.30"]
[SourceVersion "1"]
[SourceVersionDate "2022.11.30"]
[SourceQuality "1"]

1. d4 Nf6 2. c4 g6 3. Nc3 Bg7 4. e4 d6 5. Be2 0-0 6. Be3 Na6 7. h4 h5 8. f3 c5 9. d5 Nc7 10. Nh3 Bxh3 11. Rxh3 e6 12. Qd2 exd5 13. cxd5 b5 14. Nxb5 Nxb5 15. Bxb5 Rb8 16. Bc4 Nxe4 17. fxe4 Rxb2 18. Qd3 Rxg2 19. Rd1 Qc8 20. Bf2 Re8 21. Kf1 Rg4 22. Re1 Rgxe4 23. Rxe4 Rxe4 24. Qxe4 Qxh3+ 25. Ke2 Be5 26. Qf3 Qd7 27. Kf1 Kg7 28. Kg2 Qa4 29. Qe2 Qa3 30. Bb3 Qb4 31. Bc4 Qc3 32. Qd3 Qc1 33. Be3 Qe1 34. Bf2 Qb4 35. Qe2 Qc3 36. Qd3 Qa5 37. Qe2 Qd8 38. Qe4 Qb8 39. Qe2 Qc8 40. Qe4 Qb8 41. Qe2 Qb4 42. Qc2 Qa3 43. Bb3 Qa6 44. Bc4 Qb7 45. Qe2 Qc8 46. Qe4 f5 47. Qb1 f4 48. Be2 c4 49. Qe4 c3 50. Bd1 a5 51. a4 Kh6 52. Qd3 Kg7 53. Bb6 f3+ 54. Kxf3 Qg4+ 55. Kf2 Qxh4+ 56. Kf1 Qf4+ 57. Bf2 Bf6 58. Be2 1-0

[Event "Titled Tuesday intern op 16th Aug Early"]
[Site "Chess.com INT"]
[Date "2022.08.16"]
[Round "5"]
[White "Kavyev, Ruslan"]
[Black "Broca Jimenez, Fernando"]
[Result "1-0"]
[WhiteElo "2253"]
[BlackElo "2075"]
[PlyCount "79"]
[EventDate "2022.08.16"]
[EventType "swiss (blitz)"]
[EventRounds "11"]
[EventCountry "USA"]
[SourceTitle "EXT 2023"]
[Source "ChessBase"]
[SourceDate "2022.10.05"]
[SourceVersion "1"]
[SourceVersionDate "2022.10.05"]
[SourceQuality "1"]

1. d4 Nf6 2. c4 e6 3. g3 d5 4. Bg2 Be7 5. Nf3 0-0 6. 0-0 c6 7. Qc2 Nbd7 8. Nbd2 Re8 9. e4 dxe4 10. Nxe4 Nxe4 11. Qxe4 Nf6 12. Qc2 c5 13. Rd1 cxd4 14. Nxd4 Qc7 15. Nb5 Qb8 16. c5 Bd7 17. Nd6 Bxd6 18. cxd6 Rc8 19. Qb3 Bc6 20. Bf4 Nd7 21. Rac1 Bxg2 22. Kxg2 e5 23. Rxc8+ Qxc8 24. Be3 Qc6+ 25. Kg1 a6 26. Rc1 Qxd6 27. Qxb7 Rb8 28. Rc8+ Rxc8 29. Qxc8+ Nf8 30. Bc5 Qd1+ 31. Kg2 Qd5+ 32. f3 Qd2+ 33. Bf2 Qd7 34. Qxa6 Ne6 35. Qa8+ Qd8 36. Qxd8+ Nxd8 37. a4 Kf8 38. a5 Ke8 39. a6 Kd7 40. a7 1-0

[Event "Titled Tuesday intern op 16th Aug Early"]
[Site "Chess.com INT"]
[Date "2022.08.16"]
[Round "6"]
[White "Kavyev, Ruslan"]
[Black "Nathan, Nitish"]
[Result "0-1"]
[WhiteElo "2253"]
[BlackElo "1813"]
[PlyCount "108"]
[EventDate "2022.08.16"]
[EventType "swiss (blitz)"]
[EventRounds "11"]
[EventCountry "USA"]
[SourceTitle "EXT 2023"]
[Source "ChessBase"]
[SourceDate "2022.10.05"]
[SourceVersion "1"]
[SourceVersionDate "2022.10.05"]
[SourceQuality "1"]

1. d4 d5 2. c4 c6 3. g3 Nf6 4. Nf3 dxc4 5. Bg2 Nbd7 6. 0-0 Nb6 7. Qc2 g6 8. Na3 Bg7 9. Nxc4 Bf5 10. Qc3 Ne4 11. Qb4 Nxc4 12. Qxc4 Nd6 13. Qa4 0-0 14. b3 a5 15. Qa3 Nb5 16. Qc5 Nxd4 17. Bg5 Ne6 18. Qxe7 Nxg5 19. Qxg5 Qxg5 20. Nxg5 Bxa1 21. Rxa1 Rad8 22. e4 Bc8 23. e5 Bf5 24. h3 h5 25. a3 Rfe8 26. Re1 Rd3 27. b4 Rxa3 28. bxa5 Rxa5 29. f3 Raxe5 30. Rd1 Re1+ 31. Rxe1 Rxe1+ 32. Kf2 Rc1 33. g4 hxg4 34. hxg4 Be6 35. Ne4 b5 36. f4 b4 37. Nd2 b3 38. Be4 b2 39. f5 Ba2 40. fxg6 fxg6 41. Bxg6 b1Q 42. Bxb1 Bxb1 43. Ke3 Bg6 44. Nf3 Rc3+ 45. Kf2 Rxf3+ 46. Kxf3 Bf7 47. Ke3 Bd5 48. Kd4 Kg7 49. Kc5 Kg6 50. Kd4 Kg5 51. Ke5 Kxg4 52. Kd4 Kf3 53. Kc5 Ke4 54. Kb4 Kd4 0-1

[Event "Nezhmetdinov Memorial 44th"]
[Site "Kazan"]
[Date "2022.06.03"]
[Round "9"]
[White "Bryakin, Mikhail"]
[Black "Kavyev, Ruslan"]
[Result "0-1"]
[WhiteElo "2456"]
[BlackElo "2255"]
[PlyCount "182"]
[EventDate "2022.05.27"]
[EventType "swiss"]
[EventRounds "9"]
[EventCountry "RUS"]
[SourceTitle "CBM 208 Extra"]
[Source "ChessBase"]
[SourceDate "2022.07.31"]
[SourceVersion "1"]
[SourceVersionDate "2022.07.31"]
[SourceQuality "1"]

1. Nf3 Nf6 2. b3 g6 3. Bb2 Bg7 4. g3 b6 5. Bg2 Bb7 6. 0-0 0-0 7. d4 c5 8. dxc5 bxc5 9. c4 d6 10. Nc3 Ne4 11. Qc2 Nxc3 12. Bxc3 Bxc3 13. Qxc3 Nd7 14. h4 Nf6 15. Ng5 Bxg2 16. Kxg2 a5 17. e4 Qc7 18. Rae1 h6 19. Nh3 a4 20. Nf4 axb3 21. axb3 Rfb8 22. Nd5 Nxd5 23. exd5 Ra3 24. Qe3 Kg7 25. Qc3+ Kg8 26. Qe3 Kg7 27. Rb1 Qb7 28. h5 gxh5 29. Qe2 Rxb3 30. Rbd1 e5 31. Rh1 Qe7 32. Rxh5 Qf6 33. Rdh1 Rb2 34. Qg4+ Qg6 35. Qxg6+ fxg6 36. Rxh6 Rf8 37. Rh7+ Kf6 38. Rh8 Rf7 39. Rf1 Kg5 40. Rh4 Re2 41. Rh8 Rf6 42. Kg1 Rd2 43. Kg2 Rc2 44. Rh4 Re2 45. Rh8 Rd2 46. Rh4 Re2 47. Rh8 e4 48. Re8 Kg4 49. Re6 Rxe6 50. dxe6 e3 51. e7 exf2 52. Rxf2 Rxe7 53. Rf4+ Kg5 54. Kf3 Re1 55. Kf2 Re5 56. Rh4 Kf5 57. Kf3 Re1 58. Rf4+ Ke5 59. Rg4 Rf1+ 60. Ke2 Rf6 61. Ke3 Re6 62. Kf3 Rf6+ 63. Ke3 Kf5 64. Rf4+ Kg5 65. Rh4 Rf1 66. Ke2 Rf5 67. Ke3 d5 68. cxd5 Rxd5 69. Rc4 Re5+ 70. Kd3 Kf6 71. Ra4 Rg5 72. Rf4+ Ke5 73. Re4+ Kd5 74. g4 Re5 75. Ra4 Re6 76. Rf4 Ra6 77. Kc2 Ra2+ 78. Kc3 Rg2 79. Kd3 c4+ 80. Kc3 Rg3+ 81. Kd2 Kc5 82. Rf8 Rxg4 83. Rc8+ Kd4 84. Rd8+ Ke4 85. Rf8 Rg3 86. Ke2 Rg2+ 87. Kf1 Rg5 88. Ke2 Rc5 89. Kd2 c3+ 90. Kc2 g5 91. Rf1 g4 0-1

[Event "Nezhmetdinov Memorial 44th"]
[Site "Kazan"]
[Date "2022.05.29"]
[Round "4"]
[White "Uskov, Artem"]
[Black "Kavyev, Ruslan"]
[Result "1/2-1/2"]
[WhiteElo "2403"]
[BlackElo "2255"]
[PlyCount "80"]
[EventDate "2022.05.27"]
[EventType "swiss"]
[EventRounds "9"]
[EventCountry "RUS"]
[SourceTitle "CBM 208 Extra"]
[Source "ChessBase"]
[SourceDate "2022.07.31"]
[SourceVersion "1"]
[SourceVersionDate "2022.07.31"]
[SourceQuality "1"]

1. e4 c5 2. Nf3 d6 3. d4 cxd4 4. Nxd4 Nf6 5. Nc3 a6 6. Bg5 Nbd7 7. Bc4 Qb6 8. Bb3 e6 9. Qd2 Be7 10. 0-0-0 Nc5 11. f3 Qc7 12. Kb1 Bd7 13. g4 b5 14. a3 Rb8 15. Bxf6 gxf6 16. Ba2 a5 17. b4 axb4 18. axb4 Na4 19. Nxa4 bxa4 20. c3 0-0 21. f4 Rfc8 22. Rc1 Qb7 23. Rhe1 d5 24. exd5 Bxb4 25. Ka1 Bd6 26. Rb1 Qc7 27. dxe6 Rxb1+ 28. Rxb1 Bxf4 29. Qd3 Be8 30. exf7+ Bxf7 31. Nb5 Qc5 32. Bxf7+ Kxf7 33. Qxh7+ Kf8 34. g5 Be5 35. Qh6+ Kg8 36. Qg6+ Kh8 37. Qh6+ Kg8 38. Qg6+ Kh8 39. Qh6+ Kg8 40. Qg6+ Kh8 1/2-1/2